[Event "Budapest FS10 GM"]
[Site "Budapest"]
[Date "2001.10.09"]
[Round "4"]
[White "Todorovic, Goran M"]
[Black "Husari, Sate"]
[Result "0-1"]
[WhiteElo "2517"]
[BlackElo "2369"]
[PlyCount "78"]
[EventDate "2001.10.06"]
[Source "ChessBase"]
[SourceDate "2001.10.26"]

1. e4 e5 2. f4 exf4 3. Nf3 g5 4. d4 Bg7 5. Bc4 h6 6. g3 d6 7. gxf4 g4 8. Rg1 Nc6 9. Be3 Nf6 10. e5 d5 11. exf6 Bxf6 12. Bb5 gxf3 13. Qxf3 a6 14. Bxc6+ bxc6 15. Nd2 Bf5 16. O-O-O h5 17. Bf2 Kd7 18. Nb3 Be7 19. Rg7 Qf8 20. Rg5 Bxg5 21. fxg5 Bg4 22. Qf6 Be6 23. Nc5+ Kc8 24. Bg3 h4 25. Bf4 Rg8 26. Rd3 Qd8 27. Qe5 Bd7 28. Rb3 Re8 29. Qg7 Rg8 30. Qe5 Re8 31. Qg7 Rg8 32. Qh7 Rxg5 33. Rb7 Rg1+ 34. Kd2 Rg2+ 35. Kc3 Rf2 36. Rxc7+ Qxc7 37. Bxc7 Kxc7 38. Qxh4 Rf3+ 39. Kd2 Re8 0-1

[Event "Stockholm-B"]
[Site "Stockholm SWE"]
[Date "1995.??.??"]
[Round "1"]
[White "Furhoff, Johan"]
[Black "Aleksandrov, Aleksej"]
[Result "0-1"]
[WhiteElo "2345"]
[BlackElo "2510"]
[PlyCount "70"]
[EventDate "1995.??.??"]
[Source "www.chesslib.no"]
[SourceDate "2004.05.04"]

1. e4 e5 2. f4 exf4 3. Nf3 g5 4. d4 Bg7 5. Nc3 d6 6. g3 g4 7. Nh4 f3 8. Be3 Nc6 9. Qd2 Nce7 10. O-O-O c6 11. Bd3 Qa5 12. Rhe1 b5 13. Nf5 Bxf5 14. exf5 O-O-O 15. Bg5 b4 16. Ne4 Nd5 17. Bxd8 Qxd8 18. Kb1 a5 19. Bc4 Ngf6 20. Nxf6 Bxf6 21. Bxd5 cxd5 22. c3 Qb6 23. Rc1 Kd7 24. Qc2 bxc3 25. Qxc3 Bxd4 26. Qc2 Be5 27. Re3 Ke7 28. Rb3 Qd4 29. Rb7+ Kf6 30. Qc7 f2 31. Qxf7+ Kg5 32. Qe7+ Bf6 33. Qe2 Qe4+ 34. Qc2 Qxc2+ 35. Kxc2 Rc8+ 0-1

[Event "Bozen Open"]
[Site "Bozen ITA"]
[Date "1992.??.??"]
[Round "5"]
[White "Kennaugh, Charles"]
[Black "Kosten, Anthony C"]
[Result "0-1"]
[WhiteElo "2320"]
[BlackElo "2530"]
[PlyCount "58"]
[EventDate "1992.??.??"]
[Source "www.chesslib.no"]
[SourceDate "2004.05.04"]

1. e4 e5 2. f4 exf4 3. Nf3 g5 4. d4 Bg7 5. h4 h6 6. hxg5 hxg5 7. Rxh8 Bxh8 8. g3 d6 9. gxf4 gxf4 10. Bxf4 Bg4 11. Be3 Nc6 12. Be2 Qd7 13. Nc3 f5 14. Ng5 Nf6 15. d5 Ne5 16. Bxg4 Nfxg4 17. Qe2 Nxe3 18. Qxe3 Ng4 19. Qh3 O-O-O 20. Ne6 Rg8 21. exf5 Qf7 22. Nb5 a6 23. Nbd4 Bxd4 24. Nxd4 Qxd5 25. O-O-O Nf2 26. Qh7 c5 27. c4 Qxc4+ 28. Kb1 Nxd1 29. Ne6 Nc3+ 0-1

[Event "Budapest FS09 GM"]
[Site "Budapest"]
[Date "2002.09.12"]
[Round "6"]
[White "Todorovic, Goran M"]
[Black "Pham Minh Hoang"]
[Result "1-0"]
[WhiteElo "2482"]
[BlackElo "2354"]
[PlyCount "51"]
[EventDate "2002.09.07"]
[Source "ChessBase"]
[SourceDate "2002.11.06"]

1. e4 e5 2. f4 exf4 3. Nf3 g5 4. d4 g4 5. Bxf4 gxf3 6. Qxf3 d6 7. Bc4 Be6 8. d5 Bd7 9. O-O Qe7 10. Nc3 Bh6 11. Bg3 Kd8 12. e5 dxe5 13. d6 Qxd6 14. Rad1 Qc5+ 15. Kh1 Kc8 16. Qxf7 Qe7 17. Qh5 Bf4 18. Bh4 Nf6 19. Nd5 Nxd5 20. Bxe7 Nxe7 21. Qf7 Nbc6 22. b4 b5 23. Bxb5 Bg4 24. Ba6+ Kb8 25. Qc4 Be3 26. Qxg4 1-0

[Event "71. ch-BRA"]
[Site "?"]
[Date "2005.02.15"]
[Round "2"]
[White "Fier Alexander Hila"]
[Black "Asfora Marco"]
[Result "1-0"]
[WhiteElo "2489"]
[BlackElo "2308"]
[PlyCount "67"]
[EventDate "2005.??.??"]
[Source "www.chesslib.no"]
[SourceDate "2004.05.04"]

1. e4 e5 2. f4 exf4 3. Nf3 g5 4. d4 Bg7 5. h4 g4 6. Ne5 Nf6 7. Nxg4 Nxe4 8. Bxf4 d6 9. Ne3 Nc6 10. c3 Ne7 11. Qf3 d5 12. Bd3 Be6 13. Nxd5 Nxd5 14. Bxe4 Nxf4 15. Qxf4 Qe7 16. Qg5 f6 17. Qh5+ Bf7 18. Qf3 O-O 19. O-O c6 20. Bf5 Qc7 21. Nd2 Rfe8 22. Qd3 Re7 23. Bxh7+ Kh8 24. Bg6 Be6 25. Ne4 Rf8 26. Qf3 Bh6 27. Rae1 Bc4 28. Qh5 Kg7 29. Ng3 f5 30. Nxf5+ Rxf5 31. Bxf5 Bxf1 32. Qg6+ Kf8 33. Qxh6+ Rg7 34. Bg6 1-0

[Event "Mind Sports Games - Rapid Pair"]
[Site "Pechino CINA"]
[Date "2008.10.09"]
[Round "1"]
[White "Pruess, D."]
[Black "Batchuluun, C."]
[Result "1-0"]
[WhiteElo "2422"]
[BlackElo "2346"]
[PlyCount "57"]
[EventDate "2008.10.09"]
[Source "www.chesslib.no"]
[SourceDate "2004.05.04"]

1. e4 e5 2. f4 exf4 3. Nf3 g5 4. d4 Bg7 5. h4 h6 6. hxg5 hxg5 7. Rxh8 Bxh8 8. g3 g4 9. Ne5 Bxe5 10. dxe5 f3 11. Bf4 Nc6 12. Nc3 f6 13. Bc4 Nce7 14. Qd4 fxe5 15. Qxe5 d6 16. Qh5+ Kd7 17. Qxg4+ Kc6 18. Qxf3 a6 19. O-O-O Kb6 20. Qf2+ Kc6 21. e5 d5 22. Nxd5 Nxd5 23. Bxd5+ Qxd5 24. Rxd5 Kxd5 25. Qd2+ Ke6 26. Qd8 Ne7 27. Qxc7 Nf5 28. g4 Ne7 29. Qd6+ 1-0

[Event "Budapest FS08 GM"]
[Site "Budapest"]
[Date "1999.08.14"]
[Round "8"]
[White "Berg, Emanuel"]
[Black "Pilgaard, Kim"]
[Result "0-1"]
[WhiteElo "2348"]
[BlackElo "2406"]
[PlyCount "108"]
[EventDate "1999.08.05"]
[Source "ChessBase"]
[SourceDate "1999.09.14"]

1. e4 e5 2. f4 exf4 3. Nf3 g5 4. d4 Bg7 5. Bc4 d6 6. O-O Nc6 7. c3 h6 8. g3 g4 9. Nh4 f3 10. Bf4 Nf6 11. Nd2 O-O 12. b4 Ne7 13. Bd3 Nh5 14. Be3 c6 15. Qc2 Be6 16. Rf2 d5 17. Re1 Qd7 18. e5 f5 19. exf6 Rxf6 20. Nf1 Nf5 21. Nxf5 Bxf5 22. Bxf5 Rxf5 23. Bc1 Nf6 24. Ne3 Rh5 25. Nd1 Ne4 26. Rff1 a5 27. bxa5 Rxa5 28. Nf2 Nxf2 29. Rxf2 Rf5 30. Bf4 c5 31. h3 h5 32. Be5 Bxe5 33. Rxe5 Rxe5 34. dxe5 Ra6 35. Qd2 Rg6 36. h4 d4 37. cxd4 Qxd4 38. Qxd4 cxd4 39. Rd2 Ra6 40. Kf2 Kf7 41. Rxd4 Rxa2+ 42. Kf1 Rg2 43. Rd7+ Ke6 44. Rxb7 Rxg3 45. Rb6+ Kxe5 46. Rb5+ Kf4 47. Rb4+ Ke3 48. Rb3+ Kd4 49. Rb4+ Kc3 50. Rb5 Rh3 51. Rxh5 g3 52. Kg1 f2+ 53. Kg2 Rh1 54. Rf5 Rg1+ 0-1

[Event "First Saturday 2007 febbraio GM"]
[Site "Budapest UNG"]
[Date "2007.02.06"]
[Round "3"]
[White "Papp, Gellert"]
[Black "Pilgaard, Kim"]
[Result "1-0"]
[WhiteElo "2335"]
[BlackElo "2412"]
[PlyCount "53"]
[EventDate "2007.02.04"]
[Source "www.chesslib.no"]
[SourceDate "2004.05.04"]

1. e4 e5 2. f4 exf4 3. Nf3 g5 4. d4 Bg7 5. Nc3 d6 6. g3 g4 7. Nh4 f3 8. Be3 c6 9. Qd2 Qa5 10. O-O-O Ne7 11. Bh6 Rg8 12. Kb1 Bh8 13. Qf4 b5 14. Nf5 Rg6 15. Nxd6+ Rxd6 16. Qxd6 b4 17. Na4 Qxa4 18. Bg5 f6 19. h3 fxg5 20. hxg4 Bg7 21. Rxh7 Bf8 22. Bc4 Nd7 23. Bf7+ Kd8 24. Rh8 Qxc2+ 25. Kxc2 b3+ 26. Kb1 bxa2+ 27. Ka1 1-0

[Event "RUS-Cup"]
[Site "Nizhnij Novgorod"]
[Date "1999.??.??"]
[Round "1"]
[White "Sokolov, Alexander"]
[Black "Mikhailov, S."]
[Result "1-0"]
[WhiteElo "2398"]
[BlackElo "2300"]
[PlyCount "51"]
[EventDate "1999.??.??"]
[Source "www.chesslib.no"]
[SourceDate "2004.05.04"]

1. e4 e5 2. f4 exf4 3. Nf3 g5 4. d4 Bg7 5. Nc3 d6 6. g3 g4 7. Nh4 f3 8. Be3 Ne7 9. Qd2 c6 10. O-O-O Qa5 11. Bh6 Bf6 12. Kb1 Ng6 13. Bc4 Be6 14. d5 Ne5 15. Bb3 cxd5 16. exd5 Bd7 17. Qf4 Qd8 18. Ne4 Be7 19. Bg7 Rg8 20. Nf6+ Bxf6 21. Bxf6 Qc7 22. Rhe1 Kf8 23. Qh6+ Ke8 24. Bxe5 dxe5 25. d6 Qa5 26. Qf6 1-0

[Event "Groningen Open"]
[Site "Groningen NED"]
[Date "1994.??.??"]
[Round "10"]
[White "Jonkman, Harmen"]
[Black "Zagema, Wieb"]
[Result "1/2-1/2"]
[WhiteElo "2340"]
[BlackElo "2355"]
[PlyCount "153"]
[EventDate "1994.12.??"]
[Source "www.chesslib.no"]
[SourceDate "2004.05.04"]

1. e4 e5 2. f4 exf4 3. Nf3 g5 4. d4 g4 5. Ng1 Qh4+ 6. Ke2 Bh6 7. Nc3 Qe7 8. Kd3 Nf6 9. Qe1 d5 10. e5 Bf5+ 11. Kd2 Ne4+ 12. Kd1 Nc6 13. Bb5 Qb4 14. Bxc6+ bxc6 15. Nxe4 Qxe1+ 16. Kxe1 Bxe4 17. Ne2 Bxg2 18. Rg1 Bf3 19. Bxf4 Bf8 20. Be3 h5 21. Ng3 Rb8 22. b3 Kd7 23. Kd2 Ke6 24. Raf1 Be7 25. Ne2 Rbg8 26. Nf4+ Kd7 27. Nd3 f6 28. exf6 Bxf6 29. Ne1 c5 30. Nxf3 gxf3 31. Rxg8 Rxg8 32. Rxf3 Rg2+ 33. Kd3 Bxd4 34. Bxd4 cxd4 35. Rh3 Rg5 36. Kxd4 Kd6 37. Kd3 c5 38. Rh4 Rf5 39. Ra4 Rf3+ 40. Ke2 Rh3 41. Rxa7 Rxh2+ 42. Kd3 Rh3+ 43. Kd2 Ke5 44. Kc1 d4 45. Kd2 Rh2+ 46. Kd3 h4 47. Rh7 h3 48. Rh5+ Kd6 49. Rh6+ Kc7 50. Ke4 Rxc2 51. Rxh3 Kb6 52. b4 Rxa2 53. Rh6+ Kb5 54. bxc5 Kc4 55. c6 Re2+ 56. Kf3 Re7 57. c7 Rxc7 58. Ke2 Kc3 59. Kd1 Ra7 60. Rc6+ Kd3 61. Kc1 Rh7 62. Rg6 Rh1+ 63. Kb2 Re1 64. Rd6 Re2+ 65. Kc1 Rc2+ 66. Kd1 Rc5 67. Rh6 Kc3 68. Rh3+ Kc4 69. Rg3 Rh5 70. Rf3 Rh2 71. Rg3 Kd5 72. Ra3 Ke4 73. Rb3 Rh1+ 74. Kd2 Rf1 75. Rh3 Rf2+ 76. Kd1 d3 77. Rh8 1/2-1/2

[Event "FIN-ch"]
[Site "?"]
[Date "2002.??.??"]
[Round "4"]
[White "Salmensuu Olli"]
[Black "Nyysti Sampsa"]
[Result "0-1"]
[WhiteElo "2428"]
[BlackElo "2245"]
[PlyCount "56"]
[EventDate "2002.??.??"]
[Source "www.chesslib.no"]
[SourceDate "2004.05.04"]

1. e4 e5 2. f4 exf4 3. Nf3 g5 4. d4 g4 5. Bxf4 gxf3 6. Qxf3 d6 7. Nc3 Nc6 8. Bc4 Nxd4 9. Bxf7+ Kxf7 10. Qh5+ Kg7 11. O-O-O Qf6 12. Nd5 Qg6 13. Be5+ dxe5 14. Qxe5+ Nf6 15. Qxc7+ Nd7 16. Rxd4 Bd6 17. Qc4 Ne5 18. Qb3 Be6 19. Qxb7+ Qf7 20. Qa6 Bc5 21. Rdd1 Rhd8 22. Rhf1 Qg6 23. Qa5 Rac8 24. Qc3 Bd6 25. Qe3 Nc4 26. Qxa7+ Kh8 27. Nc3 Qg5+ 28. Kb1 Nd2+ 0-1

[Event "Espoo op"]
[Site "?"]
[Date "2001.??.??"]
[Round "4"]
[White "Salmensuu Olli"]
[Black "Nyysti Sampsa"]
[Result "0-1"]
[WhiteElo "2431"]
[BlackElo "2224"]
[PlyCount "75"]
[EventDate "2001.??.??"]
[Source "www.chesslib.no"]
[SourceDate "2004.05.04"]

1. e4 e5 2. f4 exf4 3. Nf3 g5 4. d4 g4 5. Bxf4 gxf3 6. Qxf3 Nc6 7. Bc4 d5 8. Bxd5 Nf6 9. Bxc6+ bxc6 10. Be5 Be7 11. O-O Bg4 12. Qf4 Rg8 13. Nc3 Nh5 14. Qxf7+ Kd7 15. d5 Rg5 16. Bd4 Bh3 17. Rf2 Qg8 18. dxc6+ Kxc6 19. Qf3 Bg4 20. Qd3 a6 21. Nd5 Bd6 22. Qc4+ Kb7 23. Qb3+ Kc6 24. c4 Be6 25. Be3 Rg4 26. e5 Bf8 27. Rd1 Rd8 28. Kh1 Rh4 29. Kg1 Re4 30. Kh1 Rh4 31. Qa4+ Kb7 32. Qb3+ Kc6 33. Qa4+ Kb7 34. Rd3 Rxd5 35. Rxd5 Bxd5 36. Qb3+ Kc8 37. cxd5 Qg3 38. Kg1 0-1

[Event "Groningen Open"]
[Site "Groningen NED"]
[Date "1994.??.??"]
[Round "6"]
[White "Jonkman, Harmen"]
[Black "Kroeze, Frank M"]
[Result "0-1"]
[WhiteElo "2340"]
[BlackElo "2310"]
[PlyCount "132"]
[EventDate "1994.12.??"]
[Source "www.chesslib.no"]
[SourceDate "2004.05.04"]

1. e4 e5 2. f4 exf4 3. Nf3 g5 4. d4 Bg7 5. g3 d5 6. e5 g4 7. Nh4 f3 8. Bf4 Ne7 9. h3 c5 10. c3 Qb6 11. Qd2 cxd4 12. cxd4 Nbc6 13. Nc3 Qxd4 14. Qxd4 Nxd4 15. Rd1 Ndc6 16. Nxd5 Nxd5 17. Rxd5 Be6 18. Rc5 O-O-O 19. hxg4 Rd5 20. Rc2 Bxg4 21. Bc4 Rxe5+ 22. Bxe5 Bxe5 23. O-O Bxg3 24. Nxf3 Bxf3 25. Rxf3 Nd4 26. Be6+ Kb8 27. Rxg3 Nxc2 28. Bxf7 Rd8 29. Rg2 Ne3 30. Re2 Rd1+ 31. Kh2 Rd2 32. Rxd2 Nf1+ 33. Kg2 Nxd2 34. Bd5 Kc7 35. a4 b6 36. Kf2 Kd6 37. Bg8 Ne4+ 38. Ke3 Nf6 39. Bf7 Kc5 40. Kf4 Kb4 41. Be6 Ne8 42. b3 Nc7 43. Bc4 Kc5 44. Ke5 a5 45. Bg8 h6 46. Bc4 Ne8 47. Be2 Nd6 48. Bf3 b5 49. axb5 Nxb5 50. Bh5 Kb4 51. Bf7 Kc3 52. Kd5 Kb4 53. Ke5 Na3 54. Kd4 Nc2+ 55. Kd3 Na1 56. Ke4 Nxb3 57. Be8 Nd2+ 58. Kf5 Nc4 59. Kg6 Nd6 60. Bc6 Nb5 61. Kxh6 a4 62. Kg5 a3 63. Bd5 Nd4 64. Ba2 Kc3 65. Kf4 Kb2 66. Bc4 Nb3 0-1

[Event "Melbourne Masters"]
[Site "Melbourne"]
[Date "1997.??.??"]
[Round "?"]
[White "Depasquale, Chris"]
[Black "Solomon, Stephen J"]
[Result "0-1"]
[WhiteElo "2255"]
[BlackElo "2395"]
[PlyCount "74"]
[EventDate "1997.??.??"]
[Source "www.chesslib.no"]
[SourceDate "2004.05.04"]

1. e4 e5 2. f4 exf4 3. Nf3 g5 4. d4 g4 5. Bxf4 gxf3 6. Qxf3 Nc6 7. Bc4 Qh4+ 8. Bg3 Qf6 9. Qxf6 Nxf6 10. Nc3 Na5 11. Nb5 Nxe4 12. Bxf7+ Kxf7 13. O-O+ Kg6 14. Be5 Bg7 15. Bxg7 Kxg7 16. Nxc7 Rb8 17. Rae1 Nf6 18. Re5 Nc4 19. Rg5+ Kh6 20. h4 Ne4 21. Rgf5 d6 22. R5f4 Ncd2 23. Re1 Rg8 24. Rexe4 Nxe4 25. Rxe4 Bf5 26. Rf4 Rbf8 27. Rf2 Be4 28. Re2 d5 29. Ne6 Rf6 30. Ng5 Rxg5 31. hxg5+ Kxg5 32. c4 Re6 33. c5 Bf5 34. Rd2 Re3 35. b4 Rd3 36. Rxd3 Bxd3 37. Kf2 Kf4 0-1

[Event "CZE Ch"]
[Site "Czech Republic"]
[Date "1993.??.??"]
[Round "10"]
[White "Ramik, Zdenek"]
[Black "Oral, Tomas"]
[Result "1-0"]
[WhiteElo "2315"]
[BlackElo "2315"]
[PlyCount "77"]
[EventDate "1993.??.??"]
[Source "www.chesslib.no"]
[SourceDate "2004.05.04"]

1. e4 e5 2. f4 exf4 3. Nf3 g5 4. d4 Bg7 5. Nc3 d6 6. g3 h6 7. h4 g4 8. Nh2 fxg3 9. Nxg4 h5 10. Ne3 Qf6 11. Nf5 Bxf5 12. exf5 Qxd4 13. Qe2+ Qe5 14. Bf4 Qxe2+ 15. Bxe2 Nc6 16. Bxg3 Nd4 17. Bd3 O-O-O 18. O-O-O Nh6 19. Rdf1 Be5 20. Be1 d5 21. Nd1 c5 22. c3 Nc6 23. Bd2 Ng4 24. f6 Kb8 25. Bg5 Rd6 26. Rf5 Bxf6 27. Be2 Bxg5+ 28. hxg5 Nce5 29. Bxg4 Nxg4 30. Rxf7 Rg6 31. Re1 Rxg5 32. Ree7 Rg6 33. Rxb7+ Ka8 34. Rxa7+ Kb8 35. Rfb7+ Kc8 36. Rb5 Rgh6 37. Rxc5+ Kb8 38. Ra4 Nf6 39. Rb4+ 1-0

[Event "Corr"]
[Site "?"]
[Date "2002.02.15"]
[Round "?"]
[White "Bazela Emil"]
[Black "Marek Stanislav"]
[Result "1/2-1/2"]
[WhiteElo "2235"]
[BlackElo "2393"]
[PlyCount "73"]
[EventDate "2002.??.??"]
[Source "www.chesslib.no"]
[SourceDate "2004.05.04"]

1. e4 e5 2. f4 exf4 3. Nf3 g5 4. d4 d6 5. h4 g4 6. Ng1 f5 7. Bxf4 fxe4 8. Nc3 Nf6 9. d5 Bg7 10. Nge2 O-O 11. h5 Nfd7 12. Qd2 Nb6 13. h6 Bh8 14. Ng3 N8d7 15. Be3 Ne5 16. b3 Ng6 17. O-O-O Qe7 18. Ngxe4 Bf5 19. Ng3 Bd7 20. Bd4 Bxd4 21. Qxd4 Rf4 22. Nce4 Ne5 23. Be2 Raf8 24. Nh5 R4f7 25. Nhg3 Be8 26. Kb1 Bd7 27. a3 Rf4 28. Nh5 R4f7 29. Rdf1 Rxf1+ 30. Rxf1 Rxf1+ 31. Bxf1 Bf5 32. Nhf6+ Kh8 33. Be2 Qf7 34. Bxg4 Bxe4 35. Nxe4 Qxd5 36. Qxd5 Nxd5 37. Bc8 1/2-1/2

[Event "Budapest FS08 IM-B"]
[Site "Budapest HUN"]
[Date "1995.??.??"]
[Round "11"]
[White "Gardner, Robert"]
[Black "Czebe, Attila"]
[Result "1/2-1/2"]
[WhiteElo "2185"]
[BlackElo "2430"]
[PlyCount "81"]
[EventDate "1995.08.??"]
[Source "www.chesslib.no"]
[SourceDate "2004.05.04"]

1. e4 e5 2. f4 exf4 3. Nf3 g5 4. d4 d6 5. Bc4 Be6 6. Bxe6 fxe6 7. h4 Be7 8. Nxg5 Bxg5 9. Qh5+ Kd7 10. hxg5 Ne7 11. Bxf4 Ng6 12. Be3 Qe7 13. Nc3 Nc6 14. O-O-O Raf8 15. Qg4 Kd8 16. Rdf1 Nb8 17. Rf6 Re8 18. Rhf1 Nd7 19. Rf7 Rhf8 20. Qf3 Rxf7 21. Qxf7 a6 22. Qxe7+ Kxe7 23. Rh1 Ndf8 24. Kd2 Kf7 25. Ne2 Kg8 26. Ng3 Nd7 27. Kd3 Rf8 28. Nh5 Rf7 29. c4 c5 30. dxc5 dxc5 31. Kc3 Nge5 32. Rd1 Ng4 33. Bg1 Kf8 34. a3 Ke7 35. b4 Rf8 36. Bxc5+ Nxc5 37. bxc5 Rc8 38. Kb4 Ne5 39. Nf6 h6 40. Nh5 hxg5 41. Ng3 1/2-1/2

[Event "Corr"]
[Site "?"]
[Date "2000.11.15"]
[Round "?"]
[White "Bocanegra Moreno Rufino (ESP)"]
[Black "Kusmierek Jozef (POL)"]
[Result "1/2-1/2"]
[WhiteElo "2401"]
[BlackElo "2194"]
[PlyCount "37"]
[EventDate "2000.??.??"]
[Source "www.chesslib.no"]
[SourceDate "2004.05.04"]

1. e4 e5 2. f4 exf4 3. Nf3 g5 4. d4 g4 5. Bxf4 gxf3 6. Qxf3 d6 7. Nc3 Bg7 8. Bc4 Nc6 9. Bxf7+ Kxf7 10. Qh5+ Kf8 11. O-O Nf6 12. Bg5 Nxd4 13. Nd5 Nf5 14. Bxf6 Bxf6 15. exf5 Rg8 16. Rae1 Bd7 17. Qh6+ Bg7 18. Qf4 Bf6 19. Qh6+ 1/2-1/2

[Event "Bratto Open 22nd"]
[Site "?"]
[Date "2002.08.23"]
[Round "4"]
[White "Menoni Vincenzo"]
[Black "Lanzani Mario"]
[Result "1/2-1/2"]
[WhiteElo "2228"]
[BlackElo "2349"]
[PlyCount "36"]
[EventDate "2002.??.??"]
[Source "www.chesslib.no"]
[SourceDate "2004.05.04"]

1. e4 e5 2. f4 exf4 3. Nf3 g5 4. d4 g4 5. Bxf4 gxf3 6. Qxf3 Nc6 7. Bc4 Qf6 8. e5 Nxd4 9. exf6 Nxf3+ 10. gxf3 c6 11. Nc3 d5 12. Bxd5 cxd5 13. Nxd5 Kd7 14. Nc7 Rb8 15. Nb5 Ra8 16. Nc7 Rb8 17. Nb5 Ra8 18. Nc7 Rb8 1/2-1/2

[Event "Bayernliga 05/06 (Oberliga)"]
[Site "?"]
[Date "2005.12.11"]
[Round "4.3"]
[White "Speckner Roland"]
[Black "Eichler Christoph"]
[Result "0-1"]
[WhiteElo "2318"]
[BlackElo "2258"]
[PlyCount "80"]
[EventDate "2005.??.??"]
[Source "www.chesslib.no"]
[SourceDate "2004.05.04"]

1. e4 e5 2. f4 exf4 3. Nf3 g5 4. d4 d6 5. h4 g4 6. Ng1 Nf6 7. Bxf4 Nxe4 8. Bd3 d5 9. Bxe4 dxe4 10. Nc3 f5 11. Qd2 Bg7 12. O-O-O O-O 13. h5 c5 14. d5 Nd7 15. d6 Nb6 16. h6 Bh8 17. Bg5 Qe8 18. Be7 Be6 19. Nge2 Be5 20. Bxf8 Qxf8 21. Qg5+ Kh8 22. Nxe4 Nc4 23. d7 Rd8 24. Nf4 Bg8 25. Nc3 Ne3 26. Rhe1 Bf6 27. Qh5 Bf7 28. Qh2 Nxd1 29. Nfd5 Bxd5 30. Nxd5 Bxb2+ 31. Kxd1 Rxd7 32. c4 Rd8 33. Kc2 Bd4 34. Re7 Re8 35. Rxb7 Be5 36. Qh5 Rb8 37. Rf7 Qe8 38. Qxf5 Qa4+ 39. Kd3 Qd1+ 40. Ke4 Qd4# 0-1

[Event "Mechanics Masters"]
[Site "San Francisco"]
[Date "1998.12.13"]
[Round "5"]
[White "Pruess, David"]
[Black "Shipman, Walter"]
[Result "1-0"]
[WhiteElo "2235"]
[BlackElo "2340"]
[PlyCount "79"]
[EventDate "1998.12.??"]
[Source "www.chesslib.no"]
[SourceDate "2004.05.04"]

1. e4 e5 2. f4 exf4 3. Nf3 g5 4. d4 g4 5. Bxf4 gxf3 6. Qxf3 d6 7. Bc4 Qf6 8. Nc3 c6 9. e5 dxe5 10. dxe5 Qh4+ 11. g3 Qg4 12. Qe3 Be6 13. Be2 Qg6 14. O-O-O Nd7 15. Ne4 Bd5 16. e6 fxe6 17. Ng5 Bc5 18. Qc3 Ngf6 19. Rxd5 cxd5 20. Bd3 Qg8 21. Re1 O-O-O 22. Nxe6 Re8 23. Bf5 d4 24. Qxc5+ Nxc5 25. Nxc5+ Nd7 26. Bxd7+ Kd8 27. Rxe8+ Qxe8 28. Bxe8 b6 29. Bb5 bxc5 30. Bd6 Rg8 31. Bd3 Rg5 32. h4 Rd5 33. Bf4 Rd7 34. b3 a5 35. a4 Rf7 36. Kd2 Kd7 37. Ke2 Ke8 38. Kf3 Ke7 39. Ke4 Rf8 40. Kd5 1-0

[Event "Helsingborg-A"]
[Site "Helsingborg"]
[Date "1991.??.??"]
[Round "?"]
[White "Furhoff, Johan"]
[Black "Eriksson, Mats"]
[Result "1-0"]
[WhiteElo "2295"]
[BlackElo "2260"]
[PlyCount "51"]
[EventDate "1991.??.??"]
[Source "www.chesslib.no"]
[SourceDate "2004.05.04"]

1. e4 e5 2. f4 exf4 3. Nf3 g5 4. d4 Bg7 5. Nc3 d6 6. g3 g4 7. Nh4 f3 8. Be3 Bf6 9. Qd2 Bxh4 10. gxh4 Qxh4+ 11. Bf2 Qh6 12. Qxh6 Nxh6 13. Nd5 Kd7 14. Nf6+ Ke6 15. Bh4 c6 16. d5+ Ke5 17. Nh5 Kxe4 18. O-O-O Nd7 19. Re1+ Kxd5 20. Nf4+ Kc5 21. Bf2+ Kb4 22. Nd3+ Ka5 23. b4+ Kb5 24. Nc5+ Kxb4 25. Re4+ Ka5 26. Nb3# 1-0

[Event "21st Open, Bratto ITA"]
[Site "?"]
[Date "2001.??.??"]
[Round "8"]
[White "Menoni, V."]
[Black "Everet, A."]
[Result "1-0"]
[WhiteElo "2250"]
[BlackElo "2305"]
[PlyCount "95"]
[EventDate "2001.??.??"]
[Source "www.chesslib.no"]
[SourceDate "2004.05.04"]

1. e4 e5 2. f4 exf4 3. Nf3 g5 4. d4 g4 5. Bxf4 gxf3 6. Qxf3 d6 7. Bc4 Be6 8. d5 Bd7 9. O-O Qe7 10. Nc3 Bg7 11. Rad1 Nf6 12. h3 Bc8 13. Bg5 Nbd7 14. Bb5 O-O 15. Bxd7 Bxd7 16. Bxf6 Bxf6 17. Qxf6 Qxf6 18. Rxf6 Rae8 19. a4 a6 20. a5 Re5 21. Rdf1 Kg7 22. R1f3 Be8 23. Kf2 Rg8 24. R6f5 Rxf5 25. exf5 Kf6 26. g4 h5 27. Kg3 hxg4 28. hxg4 Bd7 29. Kf4 Rh8 30. Ne4+ Kg7 31. Rc3 c6 32. Nxd6 cxd5 33. Rc7 Bc6 34. Nxf7 Rh1 35. Ne5+ Kf8 36. Nxc6 bxc6 37. Rxc6 Rb1 38. Rxa6 Rxb2 39. Rd6 Rxc2 40. Rxd5 Ra2 41. Kg5 Kf7 42. Rb5 Ra4 43. f6 Kf8 44. Kf5 Ra1 45. Kg6 Re1 46. Rb8+ Re8 47. Rxe8+ Kxe8 48. Kg7 1-0

[Event "Summer"]
[Site "?"]
[Date "2003.07.30"]
[Round "10"]
[White "Haimovich Tal"]
[Black "Kaplan Sasha"]
[Result "1-0"]
[WhiteElo "2333"]
[BlackElo "2208"]
[PlyCount "55"]
[EventDate "2003.??.??"]
[Source "www.chesslib.no"]
[SourceDate "2004.05.04"]

1. e4 e5 2. f4 exf4 3. Nf3 g5 4. d4 d6 5. h4 g4 6. Ng1 f3 7. gxf3 Be7 8. Bc4 Nf6 9. Nc3 Rg8 10. Bg5 h6 11. Bxh6 Nh5 12. Bg5 Bxg5 13. hxg5 Qxg5 14. Qd2 Qxd2+ 15. Kxd2 Nf4 16. fxg4 Be6 17. Nge2 Bxc4 18. Nxf4 Nc6 19. b3 Ba6 20. Ncd5 O-O-O 21. Nf6 Rh8 22. c3 Ne7 23. Rh5 Ng6 24. Ke3 b6 25. Rah1 Rhf8 26. Rh7 Bb7 27. Nxg6 fxg6 28. g5 1-0

[Event "IMA"]
[Site "?"]
[Date "2004.07.04"]
[Round "2"]
[White "Holusova Tana"]
[Black "Luch Michal"]
[Result "1/2-1/2"]
[WhiteElo "2153"]
[BlackElo "2383"]
[PlyCount "28"]
[EventDate "2004.??.??"]
[Source "www.chesslib.no"]
[SourceDate "2004.05.04"]

1. e4 e5 2. f4 exf4 3. Nf3 g5 4. d4 g4 5. Bxf4 gxf3 6. Qxf3 Nc6 7. Bc4 d5 8. Bxd5 Nxd4 9. Bxf7+ Kxf7 10. Qh5+ Kg7 11. O-O Nc6 12. Bxc7 Qd4+ 13. Kh1 Nf6 14. Qg5+ Kf7 1/2-1/2

[Event "Tatry op"]
[Site "Tatranska Lomnica"]
[Date "1999.10.07"]
[Round "6"]
[White "Ramik, Zdenek"]
[Black "Felcir, Jaroslav"]
[Result "1-0"]
[WhiteElo "2304"]
[BlackElo "2176"]
[PlyCount "41"]
[EventDate "1999.10.02"]
[Source "www.chesslib.no"]
[SourceDate "2004.05.04"]

1. e4 e5 2. f4 exf4 3. Nf3 g5 4. d4 Bg7 5. Nc3 d6 6. g3 g4 7. Nh4 f3 8. Be3 Nc6 9. Qd2 h5 10. O-O-O Nge7 11. Kb1 a6 12. Bc4 Bd7 13. Rhe1 b5 14. Bf1 Na5 15. Nd5 c6 16. Nxe7 Kxe7 17. e5 Kf8 18. Bg5 Qb6 19. exd6 Nc4 20. Qf4 Kg8 21. Re7 1-0

[Event "Corr"]
[Site "?"]
[Date "1999.??.??"]
[Round "?"]
[White "Efendiyev Enver Mikhaylovich"]
[Black "Jaumandreu Llopis Antonio"]
[Result "1-0"]
[WhiteElo "2208"]
[BlackElo "2262"]
[PlyCount "57"]
[EventDate "1999.??.??"]
[Source "www.chesslib.no"]
[SourceDate "2004.05.04"]

1. e4 e5 2. f4 exf4 3. Nf3 g5 4. d4 d6 5. Bc4 Bg7 6. g3 g4 7. Nh4 f3 8. Be3 Nf6 9. Nc3 Nc6 10. O-O Be6 11. d5 Ne5 12. dxe6 Nxc4 13. exf7+ Kxf7 14. Bd4 Ne5 15. Qd2 Qd7 16. h3 h5 17. Bxe5 dxe5 18. Qg5 Qc6 19. Qg6+ Kf8 20. Rad1 Rh6 21. Qg5 Re8 22. Rf2 Qb6 23. Nf5 Rh7 24. Qg6 Qe6 25. hxg4 hxg4 26. Rh2 f2+ 27. Kf1 Qxf5 28. Qxf5 Rxh2 29. Rd7 1-0

[Event "Budapest FS07 IM-A"]
[Site "Budapest HUN"]
[Date "1995.??.??"]
[Round "?"]
[White "Gardner, Robert"]
[Black "Maier, Alexander"]
[Result "1/2-1/2"]
[WhiteElo "2185"]
[BlackElo "2270"]
[PlyCount "69"]
[EventDate "1995.07.??"]
[Source "www.chesslib.no"]
[SourceDate "2004.05.04"]

1. e4 e5 2. f4 exf4 3. Nf3 g5 4. d4 Bg7 5. h4 h6 6. hxg5 hxg5 7. Rxh8 Bxh8 8. g3 Nc6 9. gxf4 gxf4 10. c3 Nf6 11. Qe2 d6 12. Bxf4 Nh5 13. Qh2 Bg4 14. Nbd2 Qd7 15. Qh4 Ne7 16. Bg5 Ng6 17. Qf2 Bf6 18. Bxf6 Nxf6 19. Nh2 Qe7 20. Nxg4 Nxg4 21. Qg3 Qh4 22. Qxh4 Nxh4 23. Bh3 Nh6 24. Kf2 Ke7 25. Rh1 Rg8 26. Nf3 Ng6 27. Ke3 Rh8 28. Rg1 Kf6 29. Rf1 Kg7 30. Bd7 Ng8 31. Rg1 N8e7 32. Rg2 Rh1 33. Rg1 Rh5 34. Rg5 Rh8 35. Rg2 1/2-1/2